| LEADER | 00723nam a2200193 4500 | ||
|---|---|---|---|
| 082 | |a 895.922803 |b NG527H | ||
| 100 | |a Nguyễn Huy Tưởng | ||
| 245 | |a Nguyễn Huy Tưởng trong vầng sáng hồi nhớ |c Nguyễn Huy Tưởng, Trịnh Thị Uyên, Lưu Văn Lợi,...;Nguyễn Huy Thắng biên soạn | ||
| 260 | |a H. |b Nxb Hà Nội |c 1997 | ||
| 300 | |a 227 tr. |c 19 cm. | ||
| 520 | |a v.v... | ||
| 653 | |a Văn học hiện đại | ||
| 653 | |a Việt Nam | ||
| 653 | |a Bút ký | ||
| 653 | |a Hồi ký | ||
| 653 | |a Ghi chép | ||
| 942 | |2 ddc |c STK0 | ||
| 999 | |c 1802 |d 1802 | ||
| 952 | |0 0 |1 0 |2 ddc |4 0 |6 895_922803000000000_NG527H |7 0 |8 800 |9 28585 |a qbu |b qbu |c D5 |d 2014-12-10 |g 17000 |o 895.922803 NG527H |p 1160.c1 |r 2017-12-08 |w 2014-12-10 |y STK0 | ||